| 000 | 00522nam a22001697a 4500 | ||
|---|---|---|---|
| 005 | 20251108172940.0 | ||
| 008 | 250721s2009 xx 000 0 ara d | ||
| 082 | 1 | 4 | _a214.6/حلا |
| 100 | 1 |
_aالحسن القيسي، أبو عبد الرحمن نبيل _eجامع |
|
| 245 | 1 | 0 | _aحلاوة الإيمان / |
| 264 | 1 |
_aالقاهرة : _bدار الغد الجديد، _c2009. |
|
| 300 | _a116ص. | ||
| 650 | 1 | 7 | _aالايمان |
| 650 | 1 | 7 | _aالعقيده الاسلاميه |
| 942 |
_2ddc _cBK |
||
| 999 |
_c92555 _d92555 |
||